Инициирование окисления углеводородов воздействием электронного пучка; Известия вузов. Физика; Т. 59, № 9, ч. 3

Podrobná bibliografie
Parent link:Известия вузов. Физика: научный журнал/ Национальный исследовательский Томский государственный университет (ТГУ)
Т. 59, № 9, ч. 3.— 2016.— [С. 143-145]
Hlavní autor: Савиных Ю. В. Юрий Валентинович
Korporativní autor: Национальный исследовательский Томский политехнический университет (ТПУ) Физико-технический институт (ФТИ) Кафедра общей физики (ОФ)
Další autoři: Орловский В. М. Виктор Михайлович
Shrnutí:Заглавие с экрана
Проведено исследование воздействия сильноточного потока электронов с энергией 140 кэВ для инициирования химических реакций окисления жидких углеводородов кислородом воздуха. Полученные результаты показывают, что окисление н-алканов протекает с высокой селективностью и приводит, в основном, к образованию спиртов и карбонильных соединений - альдегидов и кетонов. В составе продуктов реакции отсутствуют смолистые вещества и обычно образующиеся при аутоокислении кислоты и гидроперекиси.
Режим доступа: по договору с организацией-держателем ресурса
Jazyk:ruština
Vydáno: 2016
Témata:
On-line přístup:https://elibrary.ru/item.asp?id=29300007
Médium: MixedMaterials Elektronický zdroj Kapitola
KOHA link:https://koha.lib.tpu.ru/cgi-bin/koha/opac-detail.pl?biblionumber=655937

MARC

LEADER 00000naa0a2200000 4500
001 655937
005 20250401134932.0
035 |a (RuTPU)RU\TPU\network\22277 
090 |a 655937 
100 |a 20171012d2016 k||y0rusy50 ca 
101 0 |a rus 
102 |a RU 
135 |a drcn ---uucaa 
181 0 |a i  
182 0 |a b 
200 1 |a Инициирование окисления углеводородов воздействием электронного пучка  |f Ю. В. Савиных, В. М. Орловский 
203 |a Текст  |c электронный 
300 |a Заглавие с экрана 
320 |a [Библиогр.: 3 назв.] 
330 |a Проведено исследование воздействия сильноточного потока электронов с энергией 140 кэВ для инициирования химических реакций окисления жидких углеводородов кислородом воздуха. Полученные результаты показывают, что окисление н-алканов протекает с высокой селективностью и приводит, в основном, к образованию спиртов и карбонильных соединений - альдегидов и кетонов. В составе продуктов реакции отсутствуют смолистые вещества и обычно образующиеся при аутоокислении кислоты и гидроперекиси. 
333 |a Режим доступа: по договору с организацией-держателем ресурса 
461 |t Известия вузов. Физика  |o научный журнал  |f Национальный исследовательский Томский государственный университет (ТГУ) 
463 |t Т. 59, № 9, ч. 3  |v [С. 143-145]  |d 2016 
610 1 |a труды учёных ТПУ 
610 1 |a электронный ресурс 
610 1 |a углеводороды 
610 1 |a окисление 
610 1 |a электронные пучки 
610 1 |a воздействия 
610 1 |a образования 
610 1 |a спирты 
610 1 |a карбонильные соединения 
610 1 |a альдегиды 
610 1 |a кетоны 
700 1 |a Савиных  |b Ю. В.  |c геолог  |c профессор Томского политехнического университета, доктор химических наук  |f 1949-  |g Юрий Валентинович  |3 (RuTPU)RU\TPU\pers\35180 
701 1 |a Орловский  |b В. М.  |g Виктор Михайлович 
712 0 2 |a Национальный исследовательский Томский политехнический университет (ТПУ)  |b Физико-технический институт (ФТИ)  |b Кафедра общей физики (ОФ)  |3 (RuTPU)RU\TPU\col\18734 
801 2 |a RU  |b 63413507  |c 20171012  |g RCR 
856 4 0 |u https://elibrary.ru/item.asp?id=29300007 
942 |c CF